YouTubeの動画再生回数が1億回以上のVOCALOID(ボカロ) - Statistics

General Stats
  • This quiz has been taken 68 times
  • The average score is 5 of 10
Answers on the Grid
Answers color-coded by a green-red scale on the quiz's grid according to % correct below.
ECHO
KING
きゅうくらりん
アスノヨゾラ哨戒班
オーバーライド
グッバイ宣言
シャルル
テトリス
ドーナツホール
ヒバナ
フォニイ
ベノム
マトリョシカ
メズマライザー
モニタリング
ラグトレイン
ラビットホール
ロキ
ロストアンブレラ
ヴァンパイア
千本桜
天ノ弱
妄想感傷代償連盟
少女A
強風オールバック
恋愛裁判
愛して愛して愛して
砂の惑星
神っぽいな
脳漿炸裂ガール
 
Answer Stats
Answer % Correct
グッバイ宣言
71%
ECHO
71%
KING
55%
メズマライザー
45%
少女A
42%
ラビットホール
39%
愛して愛して愛して
39%
テトリス
35%
モニタリング
35%
強風オールバック
32%
No matching quizzes found
Score Distribution
Percent of People with Each Score
Percentile by Number Answered
Your Score History
You have not taken this quiz